000 01829cam a22004934i 4500
003 PE-LiUPU
005 20250731172923.0
008 150623s r 000 0 d
020 _a8772884584
035 _a(Sirsi) i9788772884585
040 _aPE-LiUPU
_bspa
_cPE-LiUPU
_erda
049 _aPRUA
082 0 4 _a225
_bN58
_221
245 0 4 _aThe new testament and hellenistic Judaism /
_ceditado por Peder Borgen y Søren Giversen.
264 1 _aAarhus, Denmark :
_bAarhus university press,
_c1995.
300 _a293 páginas ;
_c25 centímetros
336 _atext
_2rdacontent
337 _aunmediated
_2rdamedia
338 _avolume
_2rdacarrier
505 0 _aThe covenant - theirs or ours?. -"Guiding the knowing vessel of your heart". -Hellenistische diaspora-Juden and der wiegw des urchristentums.
526 _aSEG42
526 _aSEG41
526 _aSEG40
526 _aSEG39
526 _aP94
526 _aP87
526 _aP86
526 _aP85
526 _aP77
526 _aP76
526 _aP35
630 _aBiblia.
_pN.T.
_xCrítica, interpretación, etc.
650 0 4 _aCristianismo y otras religiones
_xJudaísmo
_vCongresos.
650 0 4 _aHistoria de la iglesia
_yPeríodo primitivo, ca. 30-600
_vCongresos.
650 0 4 _aJudaismo
_xHistoria
_yPeríodo post-exilico, 586 a.C.-210 d. C.
_vCongresos.
700 1 _aBorgen, Peder,
_eed.
700 1 _aGiversen, Søren,
_eed.
942 _2ddc
_cBOOK
949 _a225 N58
_wDEWEY
_c1
_i43809
_lCCODEBUL1
_mBUL
_r0
_sY
_tBOOK
_u2015-6-24
_xTEOLOGIA
_PP35
_0COMPRA
_o.STAFF. Colección General
994 _aC0
_bPEPRU
596 _a1
999 _a225 N58
_wDEWEY
_c20212
_i43809
_f2021-11-9
_g5
_lCCODEBUL1
_mBUL
_r0
_sY
_tBOOK
_u2015-6-24
_xTEOLOGIA
_PP35
_0COMPRA
_o.STAFF. Colección General
_d20212
980 _81
_gALBERTO SANCHEZ Responsable de Automatización